Normal view
MARC view
- ALIMENTOS -
Entry Materia
001 - NÚMERO DE CONTROL DEL REGISTRO
- campo de control: 2223
003 - IDENTIFICADOR DE NUMERO DE CONTROL
- campo de control: UPN
005 - FECHA Y HORA DE LA ÚLTIMA TRANSACCIÓN
- campo de control: 20210219193619.0
008 - DATOS DE LONGITUD FIJA
- campo de control de longitud fija: nabaccnnaabn|||||||||| b |nc|||||d
035 ## - NÚMERO DE CONTROL DEL SISTEMA
- Número de control del sistema: UPN10000002223
040 ## - FUENTE DE LA CATALOGACIÓN
- Lengua de catalogación: SPA
- Agencia de transcripción: UPN
150 ## - ENCABEZAMIENTO - TEMÁTICO
- Término de materia o nombre geográfico como elemento inicial: ALIMENTOS -
- Subdivisión de materia general: CONSERVACION
670 ## - FUENTE EN LA QUE SE LOCALIZARON DATOS
- Cita de la fuente: E
680 ## - NOTA GENERAL CON DESPLIEGUE PÚBLICO
- Texto explicativo: Aquí se asientan las obras sobre la preservación y uso económico de los alimentos, especialmente en tiempo de guerra. Las obras sobre condiciones económicas y abastecimiento de alimentos se asientan bajo
- Encabezamiento: ALIMENTOS - ABASTECIMIENTO ; GUERRA EUROPEA, 1914-1918 - CUESTION ALIMENTICIA ; ETC.
902 ## - CATALOGADOR
- Catalogador: MEEG/150796
